Normal view
MARC view
Entry Personal Name
001 - CONTROL NUMBER
- control field: 43721
003 - CONTROL NUMBER IDENTIFIER
- control field: ARRUPE
005 - DATE AND TIME OF LATEST TRANSACTION
- control field: 20181130114142.0
008 - FIXED-LENGTH DATA ELEMENTS
- fixed length control field: 181130|| aca||aabn | a|a d
040 ## - CATALOGING SOURCE
- Original cataloging agency: ARRUPE
- Transcribing agency: ARRUPE
100 ## - HEADING--PERSONAL NAME
- Personal name: Oppenheim, D. E.
- Fuller form of name: (David Ernst),
- Dates associated with a name: 1881-1943.
670 ## - SOURCE DATA FOUND
- Source citation: Work cat.: (ARRUPE)0: Singer, Peter, 1946- 766, Pushing time away :, c2003.